| 000 | 00400nam a2200169Ia 4500 | ||
|---|---|---|---|
| 008 | 230524s9999 xx 000 0 und d | ||
| 020 | _a9788122419047 | ||
| 082 |
_a553.79 _bRAG |
||
| 100 |
_aH.M.Raghunath _941487 |
||
| 245 | 0 | _aGround Water | |
| 250 | _a3 | ||
| 260 |
_aNew Delhi _bNew Age Int. _c2014 |
||
| 300 | _a"xv,499p;" | ||
| 500 | _aQuantity Number: 1 | ||
| 650 | _aCivil | ||
| 942 | _cBK | ||
| 999 |
_c55758 _d55758 |
||